000 00430nam a2200157 i 4500
001 147923
003 ES-MaACL
005 20230906202328.0
007 t|
008 071008s1916 sp ||||1| spa d
100 1 _aUrbina, Luis G.
_9112092
245 1 0 _aBajo el sol y frente al mar
_b: creer y crear /
_cLuis G. Urbina.
260 _aMadrid :
_bM. GarcĂ­a,
_c1916.
300 _a258 p. ;
_c20 cm.
852 _aES-MaACL
_jF-6943
999 _c147923
_d147923